书目信息 |
| 题名: |
腿脚保健指南
|
|
| 作者: | 罗宾斯 , Null , 纳尔 著 ;陈慧 , 陈慈 译 | |
| 分册: | ||
| 出版信息: | 广州 新世纪出版社 2000.08 |
|
| 页数: | 186页 | |
| 开本: | 19cm | |
| 丛书名: | ||
| 单 册: | ||
| 中图分类: | R161-62 | |
| 科图分类: | ||
| 主题词: | 腿--保健--基本知识 , 足--保健--基本知识 , 个人卫生 | |
| 电子资源: | ||
| ISBN: | 7-5405-2131-7 | |
| 000 | 01350nam0 2200349 450 | |
| 001 | 0104000024 | |
| 005 | 20051124115123.1 | |
| 010 | @a7-5405-2131-7@dCNY12.00 | |
| 100 | @a20081125d2000 ekmy0chiy0120 ea | |
| 101 | 1 | @achi@ceng |
| 102 | @aCN@b440000 | |
| 105 | @ay z 000yy | |
| 106 | @ar | |
| 200 | 1 | @a腿脚保健指南@ATui Jiao Bao Jian Zhi Nan@f(美)加里·纳尔(Gary Null),(美)哈沃德·罗宾斯著@F( Mei ) Jia Li· Na Er (Gary Null),( Mei ) Ha Wo De· Luo Bin Si Zhu@g陈慈,陈慧译 |
| 210 | @a广州@c新世纪出版社@d2000.08 | |
| 215 | @a186页@d19cm | |
| 314 | @a哈沃德·罗宾斯,美国医学博士,美国著名足病专家。合著《腿脚保健指南》。 | |
| 314 | @a加里·纳尔(Gary Null),美国医学博士,健康医学专家。合著《腿脚保健指南》。 | |
| 330 | @a本书提供了全面的关于从婴幼儿到中老年如何保持腿脚健康的终生指导方法,包括预防性保健,常见腿脚疾病的治疗方法,甚至指导如何选择适当的鞋子和袜子。 | |
| 510 | 1 | @aHow to Keep Your Feet & Legs Healthy for a Lifetime@zeng |
| 606 | 0 | @a腿@x保健@x基本知识 |
| 606 | 0 | @a足@x保健@x基本知识 |
| 606 | 0 | @a个人卫生 |
| 690 | @aR161-62@v4 | |
| 701 | 1 | @a罗宾斯@ALuo Bin Si@b哈沃德@4著 |
| 701 | 1 | @aNull@bGary@4著 |
| 701 | 1 | @a纳尔@ANa Er@bG.@4著 |
| 702 | 0 | @a陈慧@AChen Hui@4译 |
| 702 | 0 | @a陈慈@AChen Ci@4译 |
| 801 | 0 | @aCN@bHTDF@c20081125 |
| 905 | @aBZT@dR161-62@e14@f10 | |
| 906 | @dCNY12.00@n0@r1 | |
| 腿脚保健指南/(美)加里·纳尔(Gary Null),(美)哈沃德·罗宾斯著/陈慈,陈慧译.-广州:新世纪出版社,2000.08 |
| 186页;19cm |
| ISBN 7-5405-2131-7:CNY12.00 |
| 本书提供了全面的关于从婴幼儿到中老年如何保持腿脚健康的终生指导方法,包括预防性保健,常见腿脚疾病的治疗方法,甚至指导如何选择适当的鞋子和袜子。 |
| ● |
| 相关链接 |
|
|
|
正题名:腿脚保健指南
索取号:R161-62/14
 
预约/预借
| 序号 | 登录号 | 条形码 | 馆藏地/架位号 | 状态 | 备注 |
| 1 | 716672 | 2000716672 | 中心书库中库/ 中库001架B面5列6层34/ [索取号:R161-62/14] | 在馆 | |
| 2 | 716673 | 2000716673 | 中心书库中库/ 中库001架B面5列6层26/ [索取号:R161-62/14] | 在馆 | |
| 3 | 716674 | 2000716674 | 中心书库中库/ 中库001架B面5列6层27/ [索取号:R161-62/14] | 在馆 | |
| 4 | 716675 | 2000716675 | 中心书库中库/ 中库001架B面5列6层28/ [索取号:R161-62/14] | 在馆 | |
| 5 | 716676 | 2000716676 | 中心书库中库/ 中库001架B面5列6层30/ [索取号:R161-62/14] | 在馆 | |
| 6 | 716677 | 2000716677 | 中心书库中库/ 中库001架B面5列6层29/ [索取号:R161-62/14] | 在馆 | |
| 7 | 716678 | 2000716678 | 中心书库中库/ 中库001架B面5列6层31/ [索取号:R161-62/14] | 在馆 | |
| 8 | 716679 | 2000716679 | 中心书库中库/ 中库001架B面5列6层32/ [索取号:R161-62/14] | 在馆 | |
| 9 | 716680 | 2000716680 | 中心书库中库/ 中库001架B面5列6层35/ [索取号:R161-62/14] | 在馆 | |
| 10 | 716681 | 2000716681 | 中心书库中库/ 中库001架B面5列6层33/ [索取号:R161-62/14] | 在馆 |